<?xml version="1.0" encoding="UTF-8"?>
<collection xmlns:xsi="http://www.w3.org/2001/XMLSchema-instance" xsi:schemaLocation="http://www.loc.gov/MARC21/slim http://www.loc.gov/standards/marcxml/schema/MARC21slim.xsd" xmlns="http://www.loc.gov/MARC21/slim">
 <record>
  <leader>00000ctm a22000003a 4500</leader>
  <controlfield tag="001">UP-99796217612992055</controlfield>
  <controlfield tag="003">Buklod</controlfield>
  <controlfield tag="005">20190403120233.0</controlfield>
  <controlfield tag="006">t    gr     000 0 </controlfield>
  <controlfield tag="007">ta</controlfield>
  <controlfield tag="008">190403s2014    xx     d     r    |||| u|</controlfield>
  <datafield tag="035" ind1=" " ind2=" ">
   <subfield code="a">(iLib)UPD-00398863986</subfield>
  </datafield>
  <datafield tag="040" ind1=" " ind2=" ">
   <subfield code="a">DMC</subfield>
   <subfield code="e">rda</subfield>
  </datafield>
  <datafield tag="041" ind1=" " ind2=" ">
   <subfield code="a">eng</subfield>
  </datafield>
  <datafield tag="100" ind1="1" ind2=" ">
   <subfield code="a">Lucas, Jamila Van D.</subfield>
   <subfield code="e">author</subfield>
  </datafield>
  <datafield tag="245" ind1="1" ind2="0">
   <subfield code="a">Mining (cover)age</subfield>
   <subfield code="b">content analysis on the open-pit mining reportage of community newspapers in Nueva Vizcaya</subfield>
   <subfield code="c">Jamila Van D. Lucas ; Teresa Congjuico, adviser.</subfield>
  </datafield>
  <datafield tag="264" ind1=" " ind2="1">
   <subfield code="c">2014.</subfield>
  </datafield>
  <datafield tag="300" ind1=" " ind2=" ">
   <subfield code="a">[xi], 110 leaves</subfield>
   <subfield code="b">color illustrations</subfield>
  </datafield>
  <datafield tag="336" ind1=" " ind2=" ">
   <subfield code="a">text</subfield>
   <subfield code="2">rdacontent</subfield>
  </datafield>
  <datafield tag="337" ind1=" " ind2=" ">
   <subfield code="a">unmediated</subfield>
   <subfield code="2">rdamedia</subfield>
  </datafield>
  <datafield tag="338" ind1=" " ind2=" ">
   <subfield code="a">volume</subfield>
   <subfield code="2">rdacarrier</subfield>
  </datafield>
  <datafield tag="500" ind1=" " ind2=" ">
   <subfield code="a">Vita.</subfield>
  </datafield>
  <datafield tag="502" ind1=" " ind2=" ">
   <subfield code="a">Thesis (A.B. Journalism)--University of the Philippines Diliman</subfield>
   <subfield code="d">2014.</subfield>
  </datafield>
  <datafield tag="506" ind1=" " ind2=" ">
   <subfield code="a">Available to the general public.</subfield>
  </datafield>
  <datafield tag="520" ind1="3" ind2=" ">
   <subfield code="a">&quot;This study described how the Vizcaya Advocate and the Valley Journal framed the stories related to the open-pit mining in the province of Nueva Vizcaya. The Agenda-Setting Theory, the Public  Sphere Theory, and the Propaganda Model of Media Control were used as lenses for the study. Content analysis was utilized to examine the articles of both community newspapers from January 2011 to September 2013. The researcher found out that most of the articles focused on the less controversial side of mining such as the awards and projects of the mining companies, and the politics involved in it. The stories dealt less about the effects of mining to the environment and the community, and the alleged human rights violations done by the companies. Although stories about the anti-mining movement were published, the sources were poorly quoted and weren't given enough background. Proper context should've been provided for the environmental groups, indigenous people and other sources for the readers to fully understand the anti-mining advocacy. Interviews with the writers and editors of the newspapers revealed that ownership, finances, organizational structure, and other their other affiliations are the factors that affect the framing of the articles. Ethical standards and the function of truth-telling are set aside because of the biases of the writers.&quot;</subfield>
  </datafield>
  <datafield tag="650" ind1=" " ind2="0">
   <subfield code="a">Strip mining</subfield>
   <subfield code="z">Nueva Vizcaya (Philippines)</subfield>
   <subfield code="x">Press coverage.</subfield>
  </datafield>
  <datafield tag="650" ind1=" " ind2="0">
   <subfield code="a">Strip mining</subfield>
   <subfield code="x">Political aspects.</subfield>
  </datafield>
  <datafield tag="650" ind1=" " ind2="0">
   <subfield code="a">Community newspapers</subfield>
   <subfield code="x">Nueva Vizcaya (Philippines).</subfield>
  </datafield>
  <datafield tag="700" ind1="1" ind2=" ">
   <subfield code="a">Congjuico, Teresa</subfield>
   <subfield code="e">adviser.</subfield>
  </datafield>
  <datafield tag="710" ind1="2" ind2=" ">
   <subfield code="a">University of the Philippines.</subfield>
   <subfield code="b">College of Mass Communication.</subfield>
  </datafield>
  <datafield tag="905" ind1=" " ind2=" ">
   <subfield code="a">FI</subfield>
  </datafield>
  <datafield tag="905" ind1=" " ind2=" ">
   <subfield code="a">UP</subfield>
  </datafield>
  <datafield tag="852" ind1="0" ind2=" ">
   <subfield code="a">UPD</subfield>
   <subfield code="b">DMC</subfield>
   <subfield code="h">LG 993.5 2014</subfield>
   <subfield code="i">M3 L83</subfield>
  </datafield>
  <datafield tag="942" ind1=" " ind2=" ">
   <subfield code="a">Thesis</subfield>
  </datafield>
 </record>
</collection>
